| 000 | 00904nam a2200265 i 4500 | ||
|---|---|---|---|
| 001 | 5431 | ||
| 003 | ES-MaACL | ||
| 005 | 20251205142122.0 | ||
| 007 | t| | ||
| 008 | 880615s1986 sp |||| | spa d | ||
| 020 | _a84-291-7167-3 | ||
| 080 | _a615.7(022) | ||
| 080 | _a615.1/2 | ||
| 100 | 1 |
_aFoye, Willliam O. _952043 |
|
| 245 | 1 | 0 |
_aPrincipios de química farmaceútica / _cWilliam O. Foyer ; versión española por Ricardo Granados Jarque, David Mauleón Casellas, Cristina Minguillón Llombart. |
| 260 |
_aBarcelona : _bReverte, _cD.L.1986. |
||
| 300 |
_a2 v. ; _c24 cm. |
||
| 504 | _aBibliografia.Indice. | ||
| 650 | 7 |
_aQuímica farmacéutica _2embne _916634 |
|
| 700 | 1 |
_aGranados Jarque, Ricardo _959563 |
|
| 700 | 1 |
_aMauleón Casellas, David. _979203 |
|
| 700 | 1 |
_aMinguillon Llombart, Cristina. _981358 |
|
| 852 |
_aES-MaACL _jL-12107-08 _z. - Rust. |
||
| 999 |
_c5431 _d5431 |
||